000 00613nam a22002057a 4500
003 koha_MIRAKIL
005 20231213100432.0
008 231213b |||||||| |||| 00| 0 ||| d
020 _b978-9-75211856-0
040 _aTR-IsEVY
_btur
_cTR-IsEVY
082 _a925 BOR/B
100 _aBorras, Lluis.
245 0 _aBenim adım ... Johannes Gutenberg
250 _a3. bs.
260 _bAltın Kitaplar Yayınevi,
_c2016
300 _a63 s.
650 _aChildren's literature -- Biography -- Explorers and Inventors.
650 _aÇocuk edebiyatı -- Biyografi -- Kaşifler ve mucitler.
942 _2ddc
_cBK
999 _c19899
_d19899